000 00260nam a22000977a 4500
999 _c58132
_d58129
100 _aMeryam Ali Rajpar
245 _aExperimental Analysis Of Tensila And Torsional Of Welded Mild Steel Bars
260 _aNawabshah
_bQuest
_c2017
300 _a55
942 _cTHESIS